000 00311 a2200133 4500
000 nam a22 7a 4500
005 20260306124912.0
020 _a9781032060835
100 _aDagmar Klostermeier
_91123661
245 _aBiophysical Chemistry
250 _a2nd
260 _bCRC Press
_c2025
942 _cTEXL
999 _c1688495
_d1688495